Vigilancia epidemiológica de alcohol y drogas en centros de detención región metropolitana: estudio marzo 1997

Gardado en:
Detalles Bibliográficos
Corporate Authors: Ministerio de Salud (Author), Fundación Paz Ciudadana (Author)
Formato: Libro
Idioma:Lingua castelá
Publicado: Santiago Ministerio de Salud 1997
Subjects:
Tags: Engadir etiqueta
Sen Etiquetas, Sexa o primeiro en etiquetar este rexistro!

MARC

LEADER 00000nam a2200000 a 4500
001 UCR0356
003 CL-VaPUC
008 971205e19970000CL |||||||||||||||||spa|d
082 0 4 |a 362.29  |b MIN  |2 21 
110 2 |a Ministerio de Salud  |e author  |9 395912 
710 2 |a Fundación Paz Ciudadana  |e author  |9 395913 
245 1 0 |a Vigilancia epidemiológica de alcohol y drogas en centros de detención región metropolitana: estudio marzo 1997 
300 |a 30 p 
942 |c BK 
945 |d 19971205 00:00:00  |a jquezada 
260 |a Santiago  |b Ministerio de Salud  |c 1997 
650 0 |a Drogas  |9 254877 
650 7 |a PREVENCION  |2 CL-VaPUC  |9 322995 
650 0 |a Consumo de drogas  |9 390009 
650 0 |a Alcoholismo  |9 259651 
650 7 |a TRANQUILIZANTES  |2 CL-VaPUC  |9 395914 
650 7 |a COCAINA  |2 CL-VaPUC  |9 326326 
650 7 |a CENTROS DE DETENCION  |2 CL-VaPUC  |9 395915 
583 |a last modification  |c 20130328 13:31:44  |k Rodrigo Vera 
999 |c 263891  |d 263889 
952 |0 0  |1 0  |4 0  |6 362_290000000000000_MIN_1997  |7 0  |8 A  |9 293395  |a BIBEDU  |b BIBEDU  |c ES_NOD  |d 2019-11-19  |i 3378241  |o 362.29 MIN 1997  |p 3378241  |r 2023-08-09  |w 2019-11-19  |y BK  |k EDU